000 01091nam a22002537a 4500
999 _c4554
_d4554
003 AR-CdUCM
008 190311b ||||| |||| 00| 0 spa d
040 _aMUNICIPALIDAD PROVINCIAL DEL CUSCO
_cBIBLIOTECA MUNICIPAL DEL CUSCO
082 _a891.4038 /
_bC95
245 _aCuentos rusos /
260 _aMadrid :
_bSalvat Editores : Alianza Editorial
_c1970.
300 _a1970.
_c19 cm.
505 _aChelkash / Máximo Gorki -- Una Buena Vida / Iván A. Bunín -- La necesidad / Vladimir G. Korolenko -- El despertar / Isaac E. Bábel -- La víbora / Alexéi N. Tolstoi -- El Conde de Mediterráneo / Iliá Ilf y Evgueni Petrov -- La luz del sol / Tatiana Tess -- El telegrama / Konstantín G. Paustovski.
650 _aCuentos rusos
_98368
650 _aLiteratura
_983
650 _aEscritores Rusos
_914239
650 _aCompilación de cuentos
_914240
700 _aMáximo Gorki
_914241
700 _aIvan A. Bunin
_914242
700 _aVladimir G. Korolenko
_914243
710 _aIsaac E. Bábel
_tTraducción: José Laín Entralgo
_914244
942 _2ddc
_cLIBROS
945 _ddmma